Familles d'antibiotiques aléatoires - Statistiques

Statistiques générales
  • Ce quiz a été pris 49 fois
  • Le résultat moyen est 3 sur 18
Statistiques - réponses
Hint Réponse % Correct
doxycycline tétracycline
75%
erythromycine macrolide
56%
gamithromycine macrolide
50%
amoxicilline pénicilline A
50%
oxacilline pénicilline M
43%
ampicilline pénicilline A
40%
spiramycine macrolide
33%
oxytétracycline tétracycline
33%
tulathromycine macrolide
25%
chloramphénicol phénicol
25%
cloxacilline pénicilline M
22%
nafcilline pénicilline M
20%
florfénicole phénicol
20%
lincomysine lincosamide
17%
céfopérazone céphalosporine 3G
14%
cefquinome céphalosporine 4G
14%
polymyxine B polypeptide
14%
clindamycine lincosamide
13%
streptomycine aminocyclitol
0%
dihydrostreptomycine aminocyclitol
0%
kanamycine aminocyclitol
0%
apramycine aminocyclitol
0%
gentamicine aminocyclitol
0%
neomycine aminocyclitol
0%
framycétine aminocyclitol
0%
paromomycine aminocyclitol
0%
spectinomycine aminocyclitol
0%
céfalexine céphalosporine 1G
0%
céfapirine céphalosporine 1G
0%
céfazoline céphalosporine 1G
0%
céfalonium céphalosporine 1G
0%
ceftiofur céphalosporine 3G
0%
céfovécine céphalosporine 3G
0%
triméthoprime diaminopyrimidine
0%
pirlimycine lincosamide
0%
tylosine macrolide
0%
tylvalosine macrolide
0%
tilmicosine macrolide
0%
tildipirosine macrolide
0%
pénéthamate pénicilline G
0%
thiamphénicol phénicol
0%
colistine polypeptide
0%
bacitracine polypeptide
0%
acide oxolinique quinolone 1G
0%
fluméquine quinolone 2G
0%
enrofloxacine quinolone 3G
0%
marbofloxacine quinolone 3G
0%
danofloxacine quinolone 3G
0%
orbifloxacine quinolone 3G
0%
pradofloxacine quinolone 4G
0%
sulfaguanidine sulfonamide
0%
sulfadimidine sulfonamide
0%
sulfaméthoxypyridazine sulfonamide
0%
chlortétracycline tétracycline
0%
Aucun quiz correspondant
Distribution des résultats
% des personnes avec chaque résultat
Percentile par nombre de réponses
Votre historique - résultats
Vous n’avez pas pris ce quiz